| 000 | 00466nam a2200181Ia 4500 | ||
|---|---|---|---|
| 003 | GCL | ||
| 008 | 140319s9999 xx 000 0 eng d | ||
| 040 |
_aGCL / _cGCL |
||
| 082 | 0 | 4 |
_a371.332 _bS D |
| 100 | 1 | _aSIKS, GEROLDINE BRAIN | |
| 245 | 1 | 0 |
_aDRAMA WUTH CHILDREN / _cSIKS, GEROLDINE BRAIN |
| 260 |
_a[S.N] : _bHARPER AND BROTHERS ، _c1983 |
||
| 300 | _a332 P | ||
| 650 | 0 | 4 | _aEDUCATION |
| 650 | 0 | 4 | _aDRAMA |
| 650 | 0 | 4 | _aDRAMA IN EDUCATION |
| 942 |
_2ddc _cBK |
||
| 999 |
_c11642 _d11642 |
||